000 00403nam a2200181Ia 4500
001 13776
005 20260306164826.0
008 260306t2001||||xx |||||||||||||| ||spa||
041 _aESP
082 _a005.133J
_bL22
100 _aLea, Doug
_eAUT
245 0 _aProgramación concurrente en Java
260 _c2001
300 _a
_c
650 _aGEN
654 _aCCC
942 _cLIB
_dJUS
_fJUS
_2ddc
_n
999 _c13776
_d13776